Statistics for Cameroon Country Quiz

Click here to take the quiz!

General Stats

  • This quiz has been taken 15,539 times
    (15,493 since last reset)
  • The average score is 9 of 12

Answer Stats

HintAnswer% Correct
Most populous country that Cameroon bordersNigeria
94%
Official languageFrench
92%
Official languageEnglish
87%
Country that colonized Cameroon from 1884–1916, calling it KamerunGermany
87%
Gulf that Cameroon bordersGulf of {Guinea}
82%
Like nearby Ivory Coast and Ghana, Cameroon is a top 5 producer of this beanCocoa
79%
Put on your thinking cap... What is the tallest mountain in Cameroon?Mount Cameroon
79%
Capital cityYaounde
76%
Cameroon won the gold medal at this team sport at the 2000 OlympicsFootball
65%
Large, but shallow lake, that the far north of Cameroon shares with
three other countries
Lake Chad
61%
Most populous cityDouala
42%
Largest type of frog, found mostly in Cameroon (hint: a Bible character){Goliath} Frog
39%

Score Distribution

Percentile by Number Answered

Percent of People with Each Score

Your Score History

You have not taken this quiz since the last reset